| 000 | 00780nam a22002297a 4500 | ||
|---|---|---|---|
| 999 |
_c64441 _d64441 |
||
| 005 | 20240530110732.0 | ||
| 008 | 180512s2006 jo a g b 000 0 ara d | ||
| 017 |
_a2005/4/708 _bالاردن . دائرة المكتبة الوطنية |
||
| 040 |
_aEG-CaGPL _cEG-CaGPL |
||
| 082 | 0 | 4 |
_221 _a155.25\ _bص ت |
| 100 | 0 | _aصلاح فؤاد سليم | |
| 245 | 1 | 2 |
_aالتقويم النفسى / _cاعداد صلاح فؤاد سليم |
| 250 | _aط.1 | ||
| 260 |
_aعمان : _c2006 . |
||
| 300 |
_a215 ص. ؛ _c24 سم. |
||
| 650 | 0 | 7 |
_2qrmak _aعلم النفس الفردى |
| 650 | 0 | 7 |
_2qrmak _aالاختبارات الشخصية |
| 650 | 0 | 7 |
_2qrmak _aالارشاد النفسى |
| 651 | _2qrmak | ||
| 942 |
_2ddc _cBK |
||